1852 1270 1972 1604 1167 1190 1896 1382 1627 1700 1897 1627 1362 1798 1505 1413 1948 1952 1432 1017 1648 1920 1812 1809 1194 1013 1639 1232 1420 1210 1035 1282 1307 1902 1789 1338 1127 1980 1559 1377 1298 1844 1030 1939 1106 1376 1774 1124 1893 1821 1946 1118 1416 1011 1888 1729 1779 1123 1649 1260 1211 1898 1296 1065 1048 1871 1044 1067 1088 1436 1468 1162 1736 1056 1347 1140 1954 1542 1059 1438 1492 1102 1299 1997 1249 1364 1596 1965 1812 1718 1338 1717 1896 1540 1866 1062 1287 1894 1335 BCNSPRNW ULIB Ver.6.0+V

เปลี่ยนเป็นภาษาไทย

Change to English
 แสดงรายละเอียดบรรณานุกรม
  กลับหน้าหลัก

Brief Record : Get Marc (ISO 2709) : E-mail record : QR code < ปิดหน้าต่าง
LEADER : 00000nam 2200000uu 4500
001    13399124862
003     ULIB
008    160420s2558||||th 000 0 tha d
020    ^a9786169161530
060  4 ^aWS280^bพ791
245 00 ^aPediatric Critical Care :^bThe Essentials /^cบรรณาธิการ, ดุสิต สถาวร.
246 30 ^aThe Essentials
250    ^aพิมพ์ครั้งที่ 1
260    ^aกรุงเทพฯ :^bชมรมโรคระบบหายใจและเวชบำบัดวิกฤตในเด็กแห่งประเทศไทย,^c2558
300    ^a302 หน้า :^bภาพประกอบ, แผนภูมิ ;^c27 ซม
505 0  ^a-- Introduction ... TPRC 2015 and Beyond: What^'s the new direction ... Pediatric Critical Care 2014 - 15: Year-in-review -- Respiratory Critical Care ... Respiratory Physiology Review ... Pediatric Respiratory Failure: Inital Management & Stabilization ... Monitoring & Weaning off Ventilatory Support ... Managing Difficult Cases of Pneumonia ... Lung Recruitment & PEEP Titration: How & When? ... Managing Severe Asthma: How do we manage in the ICU setting ... Management to Refractory Hypoxemia in ARDS ... Lung Protective Ventilation Management in ARDS ... Patient Ventilator Dyssynchrony ... How to Manage Hypercapnia ... Using Non-invasive Ventilation for PICU Patients ... Oxygen Supplementation, Humidity and Aerosol Therapy for Non-invasive Ventilation in PICU ... Pracitcal Use of Noninvasive Positive Pressure Ventilation (NPPV) & Its Interface -- Severe Sepsis and Septic Shock ... Severe Dengue Infection: What^'s new from ID perspective? ... Multiple Organ Dysfunction and Organ Support in Severe Dengue Infection ... Using Colloids for Pediatric Resuscitation: When & How? ... Using Inotropes & Vasoactive Agents in Pediatric Septic Shock ... When to Consider New Inotropes and Vasoactive Agents in Pediatric Septic Shock ... Why EGDT for pediatric septic shock may not be as promising as it used to be? ... EGDT for Pediatric Septic Shock: Evidence-based approach ... What is the new direction of SSC? -- Neuro Critical Care ... Role of Continuous Infusion of Sedatives and Analgesics in Pediatric ICU ... Ssdatives and Analgesics for Pediatric ICU Patients: Evidence-based approach ... Post-arrest Resuscitation & Stabilization ... Role of Therapeutic Hypothermia after Cardiac Arrest ... What to do when the medical support for cardiac function are faiking -- Critical Care Ultrasound ... Ultrasound in Critical Care: Basic Principle ... Ultrasound Guide Vascular Access ... Lung Ultrasound in Pediatric Critical Care ... Abdominal Ultrasound in Critical Care
650  7 ^aการดูแลขั้นวิกฤต^xในวัยทารกและเด็ก
650  7 ^aภาวะฉุกเฉิน^xในวัยทารกและเด็ก
650  7 ^aทางเดินหายใจ^xโรค^xในวัยทารกและเด็ก^xการรักษา
700 0  ^aดุสิต สถาวร,^eบรรณาธิการ
700 0  ^aเฉลิมไทย เอกศิลป์,^eบรรณาธิการ
700 0  ^aรุจิภัตต์ สำราญสำรวจกิจ,^eบรรณาธิการ
945    ^p400^l0^i000618
945    ^p400^l0^i000619
945    ^p400^l0^i000620
999    ^aเกษร โพธิ์สุวรรณ
รายการนี้ยังไม่มีแท็ก
คุณยังไม่ได้ล็อกอิน คุณสามารถมีกิจกรรมร่วมกับเว็บไซต์ได้ แต่ต้องล็อกอินก่อน ::
  ล็อกอิน

รายการสื่อสารสนเทศ

ลำดับที่ ประเภท เลขเรียก/บาร์โค้ด สถานที่ สถานะ
1. วิทยาศาสตร์การแพทย์ และสุขภาพ
วิทยาศาสตร์การแพทย์ และสุขภาพ
สถานะ=หนังสือเก่า
WS280 พ791 ฉ.1 
  Barcode: 000618
ห้องสมุดวิทยาเขตสวรรค์ประชารักษ์
►ส่วนจัดเก็บหนังสือเก่า สปร
บนชั้น
  ขอยืม
2. วิทยาศาสตร์การแพทย์ และสุขภาพ
วิทยาศาสตร์การแพทย์ และสุขภาพ
สถานะ=หนังสือเก่า
WS280 พ791 ฉ.2 
  Barcode: 000619
ห้องสมุดวิทยาเขตสวรรค์ประชารักษ์
►ส่วนจัดเก็บหนังสือเก่า สปร
บนชั้น
  ขอยืม
3. วิทยาศาสตร์การแพทย์ และสุขภาพ
วิทยาศาสตร์การแพทย์ และสุขภาพ
สถานะ=หนังสือเก่า
WS280 พ791 ฉ.3 
  Barcode: 000620
ห้องสมุดวิทยาเขตสวรรค์ประชารักษ์
►ส่วนจัดเก็บหนังสือเก่า สปร
บนชั้น
  ขอยืม

BibComment


ยังไม่เคยถูกคอมเมนท์

คอมเมนท์ทรัพยากรรายการนี้
  คอมเมนท์: Pediatric Critic..


 Copyright 2026. Bcnsprnw @Library